00716nam a2200217 a 45000010005000000030009000050050017000140080041000310200015000720400028000870820021001151000023001362450067001592500012002262600077002383000045003155040053003606500023004136500037004367000025004734569BD-DhUAP20210110142202.0090621r20001997njua b 001 0 eng d a8120312880 aDLCcDLCdBD-DhUAPbeng00a658.8342 SCH2231 aSchiffman, Leon G.10aConsumer behavior /cLeon G. Schiffman and Leslie Lazar Kanuk. a6th ed. aNew Delhi :bPrentice Hall/ of India pvt. Ltd.,cc1997 [Reprinted 2002]. axv, 672 pages :billustrations ;c26 cm. aIncludes bibliographical references and indexes. 0aConsumer behavior. 0aMotivation research (Marketing).1 aKanuk, Leslie Lazar.